Pixar Villain Quiz (Picture) - Statistics

General Stats
  • This quiz has been taken 71 times
  • The average score is 12 of 18
Answer Stats
Picture Answer % Correct
Sid
91%
Hopper
81%
Lotso
81%
Syndrome
81%
Emperor Zurg
79%
Stinky Pete
75%
Chick Hicks
72%
Darla
70%
Ernesto De La Cruz
70%
AUTO
62%
Chef Skinner
60%
Anton Ego
58%
Charles Muntz
58%
Jackson Storm
58%
Mor'du
58%
Randall Boggs
57%
Sir Miles Axlerod
49%
Henry J. Waternoose
47%
No matching quizzes found
Score Distribution
Percent of People with Each Score
Percentile by Number Answered
Your Score History
You have not taken this quiz